000 00895nam a2200217Ii 4500
003 JO-AjNU
008 230605s9999||||xx |||||||||||||| ||und||
017 _a2009/12/5112
040 _aJO-AjNU
_bara
_erda
_cJO-AjNU
041 _aara
050 1 4 _aHF5548.2.M552.2010
100 3 _aتأليف:منور،موسى عبدالله/المستريحي،حسام حمد/البطش،هاني محمود؛مراجعة لغوية:محمد غالب ربابعة,
_eauthor
_930246
245 0 0 _aالادارة الالكترونية للمكتب:مدخل تطبيقي في السكرتاريا واعمال المكاتب
250 _aط1
264 3 1 _aعمان:زمزم ناشرون وموزعون؛2010
300 _a271ص
336 _atext
_btxt
_2rdacontent
337 _aunmediated
_bn
_2rdamedia
338 _avolume
_bnc
_2rdacarrier
650 4 _aالادارة الالكترونية
_930247
999 _aA11967
_c15535
_d15535